Kraje z największą liczbą osób mówiących po francusku - Statystyki

Ogólne statystyki
  • Ten quiz został rozwiązany 472 razy
  • Średni wynik to 12 z 20
Statystyki odpowiedzi
# Użytkownicy % Państwo % Poprawnych
63,678,000 97,16 Francja
100%
8,678,000 75,47 Belgia
81%
10,981,000 29,47 Kanada
81%
13,803,000 32,86 Algieria
75%
5,734,000 67,11 Szwajcaria
73%
12,729,000 35,17 Maroko
70%
12,242,000 14,88 Niemcy
66%
42,533,000 50,63 Demokratyczna Republika Konga
64%
4,214,000 25,87 Senegal
60%
3,236,000 16,94 Mali
58%
11,519,000 19,43 Włochy
57%
6,081,000 52,16 Tunezja
54%
10,930,000 16,42 Wielka Brytania
52%
10,006,000 40,55 Kamerun
51%
3,318,000 25,43 Gwinea
46%
8,259,000 33,16 Wybrzeże Kości Słoniowej
46%
5,252,000 20 Madagaskar
37%
3,820,000 33,67 Benin
31%
4,752,000 42,02 Burkina Faso
31%
4,667,000 42 Haiti
26%
Nie znaleziono quizów pasujących do podanych kryteriów
Rozkład punktacji
Procent ludzi z każdym wynikiem
Percentyl według liczby udzielonych odpowiedzi
Twoja historia wyników
Nie rozwiązałeś tego quizu